1849 1247 1890 1817 1840 1930 1510 1950 1548 1184 1209 1010 1211 1060 1082 1681 1211 1214 1867 1169 1760 1420 1148 1655 1454 1432 1527 1885 1931 1508 1881 1945 1115 1193 1189 1689 1461 1219 1479 1306 1714 1597 1179 1979 1427 1122 1674 1399 1225 1773 1955 1363 1571 1025 1456 1983 1068 1410 1060 1358 1874 1794 1548 1338 1785 1187 1572 1155 1131 1192 1511 1757 1755 1829 1555 1302 1668 1977 1290 1989 1425 1815 1726 1139 1150 1445 1507 1242 1369 1077 1258 1353 1477 1142 1645 1842 1306 1067 1626 BCNSPRNW ULIB Ver.6.0+V

เปลี่ยนเป็นภาษาไทย

Change to English
 แสดงรายละเอียดบรรณานุกรม
  กลับหน้าหลัก

Brief Record : Get Marc (ISO 2709) : E-mail record : QR code < ปิดหน้าต่าง
LEADER : 00000nam 2200000uu 4500
001    13399114947
003     ULIB
008    120624s2011||||th 000 0 Eng d
020    9789812728166
060  4 QS4^bH249e
100 1  Hansen,John T.
245 00 Essential guide to Netter s anatomy^c John T.Hansen
246 0  Netter s anatomy
250    3rd ed
260    Singapore :^b Elsevier (Singapore) Pte Ltd, ^c2011.
300    523 pp.:^bill.^c15 cm.
650  0 Human anatomy -- Atlases.
945    ^p0^l0^i17792
945    ^p0^l0^i17793
945    ^p0^l0^i19527
995    Kesorn
999 ^a ใช้งานได้ทุกระบบ
รายการนี้ยังไม่มีแท็ก
คุณยังไม่ได้ล็อกอิน คุณสามารถมีกิจกรรมร่วมกับเว็บไซต์ได้ แต่ต้องล็อกอินก่อน ::
  ล็อกอิน

รายการสื่อสารสนเทศ

ลำดับที่ ประเภท เลขเรียก/บาร์โค้ด สถานที่ สถานะ
1. วิทยาศาสตร์การแพทย์ และสุขภาพ
วิทยาศาสตร์การแพทย์ และสุขภาพ
สถานะ=หนังสือเก่า
QS4 H249e ฉ.2 
  Barcode: 17793
ห้องสมุดวิทยาเขตสวรรค์ประชารักษ์
►หนังสือทั่วไป
บนชั้น
2. วิทยาศาสตร์การแพทย์ และสุขภาพ
วิทยาศาสตร์การแพทย์ และสุขภาพ
QS4 H249e ฉ.3 
  Barcode: 19527
ห้องสมุดวิทยาเขตสวรรค์ประชารักษ์
►หนังสือทั่วไป
บนชั้น

BibComment


ยังไม่เคยถูกคอมเมนท์

คอมเมนท์ทรัพยากรรายการนี้
  คอมเมนท์: Essential guide t..


 Copyright 2026. Bcnsprnw @Library